[Event "Europe Echecs Blitz Sept op"]
[Site "Europe Echecs INT"]
[Date "2021.09.19"]
[Round "9"]
[White "Guliyev, Namig"]
[Black "Dauletova, Gulmira"]
[Result "1/2-1/2"]
[WhiteElo "2555"]
[BlackElo "2257"]
[PlyCount "72"]
[EventDate "2021.09.19"]
[EventType "swiss (blitz)"]
[EventRounds "11"]
[EventCountry "FRA"]
[SourceTitle "CBM 204 Extra"]
[Source "ChessBase"]
[SourceDate "2021.11.30"]
[SourceVersion "1"]
[SourceVersionDate "2021.11.30"]
[SourceQuality "1"]

1. e4 e5 2. Nf3 Nc6 3. Bb5 a6 4. Ba4 Nf6 5. 0-0 Be7 6. Re1 b5 7. Bb3 d6 8. c3 0-0 9. d4 Bg4 10. Be3 exd4 11. cxd4 Na5 12. Bc2 c5 13. Nbd2 cxd4 14. Bxd4 Nc6 15. Be3 d5 16. h3 Bh5 17. g4 Bg6 18. e5 Ne4 19. Rc1 Rc8 20. Bb1 f6 21. Nh4 Nxd2 22. Nxg6 hxg6 23. exf6 Bxf6 24. Bxd2 Bxb2 25. Rc2 Bd4 26. Be3 Bxe3 27. Rxe3 d4 28. Re6 Qd5 29. Rce2 Qf3 30. Be4 Qxh3 31. Bxc6 Rxc6 32. Rxc6 Qxg4+ 33. Kf1 Qh3+ 34. Kg1 Qg4+ 35. Kf1 Qh3+ 36. Kg1 Qg4+ 1/2-1/2

[Event "Europe Echecs Blitz Sept op"]
[Site "Europe Echecs INT"]
[Date "2021.09.19"]
[Round "10"]
[White "Guseinov, Gadir"]
[Black "Dauletova, Gulmira"]
[Result "1-0"]
[WhiteElo "2665"]
[BlackElo "2257"]
[PlyCount "57"]
[EventDate "2021.09.19"]
[EventType "swiss (blitz)"]
[EventRounds "11"]
[EventCountry "FRA"]
[SourceTitle "CBM 204 Extra"]
[Source "ChessBase"]
[SourceDate "2021.11.30"]
[SourceVersion "1"]
[SourceVersionDate "2021.11.30"]
[SourceQuality "1"]

1. e4 e5 2. Nf3 Nc6 3. Bb5 a6 4. Bxc6 dxc6 5. 0-0 Qf6 6. d4 exd4 7. Bg5 Qd6 8. Nxd4 Be7 9. Bxe7 Nxe7 10. Nc3 Bd7 11. Nde2 Qxd1 12. Raxd1 0-0-0 13. f3 f5 14. Kf2 fxe4 15. Nxe4 Be6 16. Ng5 Bd5 17. Nf4 h6 18. Nge6 Bxe6 19. Nxe6 Rxd1 20. Rxd1 g5 21. c4 Nf5 22. g4 Nd6 23. b3 Nf7 24. Re1 Re8 25. Re2 b6 26. Re3 c5 27. Ng7 Rg8 28. Nf5 Rg6 29. Ne7+ 1-0

[Event "Speed Chess GP1"]
[Site "Chess.com INT"]
[Date "2021.09.18"]
[Round "4"]
[White "Hartikainen, Jarmo"]
[Black "Dauletova, Gulmira"]
[Result "1/2-1/2"]
[WhiteElo "2133"]
[BlackElo "2257"]
[PlyCount "131"]
[EventDate "2021.09.18"]
[EventType "swiss (blitz)"]
[EventRounds "10"]
[EventCountry "USA"]
[SourceTitle "CBM 204 Extra"]
[Source "ChessBase"]
[SourceDate "2021.11.30"]
[SourceVersion "1"]
[SourceVersionDate "2021.11.30"]
[SourceQuality "1"]

1. e4 e5 2. Nf3 Nc6 3. Bc4 Bc5 4. c3 Nf6 5. d4 exd4 6. b4 Bb6 7. e5 Ne4 8. 0-0 0-0 9. cxd4 d5 10. exd6 Nxd6 11. Bg5 Qd7 12. Bb3 Nxb4 13. Nc3 Qf5 14. Re1 Bd7 15. Re5 Qd3 16. Nd5 Qxd1+ 17. Rxd1 Nxd5 18. Bxd5 Rfe8 19. Rxe8+ Rxe8 20. Ne5 Be6 21. Bxe6 Rxe6 22. Be3 f6 23. Nf3 Nf5 24. Rd3 Rd6 25. Kf1 Rc6 26. Ke2 Rc2+ 27. Rd2 Rxd2+ 28. Kxd2 Nxe3 29. fxe3 Kf7 30. Ne1 Ke6 31. Kd3 f5 32. Nf3 c6 33. Ng5+ Kd5 34. Nxh7 Bd8 35. g3 Ke6 36. h4 Kf7 37. Ng5+ Bxg5 38. hxg5 Kg6 39. e4 fxe4+ 40. Kxe4 Kxg5 41. a4 Kg4 42. a5 a6 43. d5 cxd5+ 44. Kxd5 Kxg3 45. Kc5 g5 46. Kb6 g4 47. Kxb7 Kh2 48. Kxa6 g3 49. Kb7 g2 50. a6 g1Q 51. a7 Qb1+ 52. Kc7 Qa2 53. Kb7 Qb3+ 54. Kc7 Qa4 55. Kb7 Qb5+ 56. Kc7 Qa6 57. Kb8 Qb6+ 58. Ka8 Qd6 59. Kb7 Qd7+ 60. Kb8 Qd8+ 61. Kb7 Qd7+ 62. Kb8 Qb5+ 63. Kc7 Qa6 64. Kb8 Kg3 65. a8Q Qxa8+ 66. Kxa8 1/2-1/2

[Event "Speed Chess GP1"]
[Site "Chess.com INT"]
[Date "2021.09.18"]
[Round "7"]
[White "Hernandez Bonilla, Amelia"]
[Black "Dauletova, Gulmira"]
[Result "1-0"]
[WhiteElo "1995"]
[BlackElo "2257"]
[PlyCount "93"]
[EventDate "2021.09.18"]
[EventType "swiss (blitz)"]
[EventRounds "10"]
[EventCountry "USA"]
[SourceTitle "CBM 204 Extra"]
[Source "ChessBase"]
[SourceDate "2021.11.30"]
[SourceVersion "1"]
[SourceVersionDate "2021.11.30"]
[SourceQuality "1"]

1. d4 Nf6 2. Bf4 d5 3. e3 e6 4. Nf3 Bd6 5. Nbd2 0-0 6. Bd3 c5 7. c3 Qc7 8. Bg3 Nbd7 9. 0-0 e5 10. dxe5 Nxe5 11. Nxe5 Bxe5 12. e4 Bxg3 13. hxg3 Bg4 14. Qa4 Rad8 15. e5 Qxe5 16. Qxa7 Rd7 17. Qxc5 Qh5 18. f3 Be6 19. Qd4 Qg5 20. Qf4 Qxf4 21. gxf4 g6 22. Nb3 Nh5 23. f5 Bxf5 24. Bxf5 gxf5 25. Rad1 Nf4 26. Rfe1 Kg7 27. Nd4 Kg6 28. Re5 Ne6 29. Ne2 Kf6 30. Rexd5 Rxd5 31. Rxd5 Ra8 32. a3 Ra6 33. Nd4 Nxd4 34. Rxd4 Re6 35. Kf2 b6 36. c4 Ke5 37. Rd5+ Kf4 38. g3+ Kg5 39. g4 Rf6 40. b4 h5 41. gxh5 Kxh5 42. c5 bxc5 43. Rxc5 Kg5 44. b5 Rh6 45. Kg3 Rd6 46. f4+ Kg6 47. Rc6 1-0